000 00313nam a22001337a 4500
008 170526b xxu||||| |||| 00| 0 eng d
020 _a9780977284306
041 _aeng
080 _a621.3
100 _a27
101 _aIM
245 _aBUSSINES PLANING FPR SCIENTES ENGINEERS
_cSERVO.J.C
942 _2udc
_cBK
999 _c14603
_d14603